000249293 001__ 249293
000249293 005__ 20250112183909.0
000249293 022__ $$a1806-9509$$l1806-9509
000249293 0247_ $$2ZDBID$$aPERI:(DE-600)3068568-0
000249293 0247_ $$2ZDBPPN$$aZDPPN:1235565254
000249293 0247_ $$2EZBID$$aPERI:(DE-606)481167
000249293 0247_ $$2EZBID$$aPERI:(DE-606)481167
000249293 0247_ $$2OCLC$$aOCLC:1276835075
000249293 035__ $$aPERI:(DE-600)3068568-0
000249293 040__ $$a9001$$bger$$cDE-101$$dJOIN²$$eJOIN² journal identification
000249293 041__ $$aeng
000249293 044__ $$cXD-BR
000249293 082__ $$223sdnb$$a400$$qDE-600
000249293 08274 $$223sdnb$$a400$$qDE-600
000249293 24220 $$2DE-600$$aEntrelinhas$$cUniversidade do Vale do Rio dos Sinos$$yen
000249293 24220 $$2DE-600$$aEntrelinhas$$cUniversidade do Vale do Rio dos Sinos
000249293 245__ $$2DE-600$$aEntrelinhas$$cUniversidade do Vale do Rio dos Sinos$$honline
000249293 2463_ $$2DE-600$$aEntrelinhas
000249293 2463_ $$aEntrelinhas
000249293 260__ $$a[São Leopoldo, RS]$$bUnisinos$$c[2011?]-
000249293 2607_ $$2DOAJ$$aBrazil$$bUniversidade do Vale do Rio dos Sinos$$d2017-11-08T13:48:55Z$$fEntrelinhas
000249293 26431 $$a[São Leopoldo, RS]$$bUnisinos$$c[2011?]-
000249293 3620_ $$2DE-600$$aVol. 5, n. 1 (Jan/Jun 2011) [?]-
000249293 36301 $$2DE-600$$81.1\x$$a5$$b1$$i2011
000249293 380__ $$2marcgt$$ajournal
000249293 500__ $$aAutomatically generated record. (Updated: 2025-01-03)
000249293 65310 $$2EZB-Subject$$aAllgemeine und vergleichende Sprach- und Literaturwissenschaft. Indogermanistik. Außereuropäische Sprachen und Literaturen
000249293 65310 $$2EZB-Keyword$$aAllgemeine Linguistik
000249293 65310 $$2DOAJ$$alinguistics$$d2017-11-08T13:48:55Z
000249293 65310 $$2DOAJ$$aliterature$$d2017-11-08T13:48:55Z
000249293 65310 $$2DOAJ$$aeducation$$d2017-11-08T13:48:55Z
000249293 65310 $$2DOAJ$$aLanguage and Literature: Philology. Linguistics$$d2017-11-08T13:48:55Z
000249293 65310 $$2DOAJ$$aLanguage and Literature: Literature (General)$$d2017-11-08T13:48:55Z
000249293 8564_ $$d0$$uhttp://revistas.unisinos.br/index.php/entrelinhas$$yVerlag = kostenfrei
000249293 8564_ $$d0$$uhttp://revistas.unisinos.br/index.php/entrelinhas/about/editorialPolicies#focusAndScope$$yScope
000249293 8564_ $$d0$$uhttp://revistas.unisinos.br/index.php/entrelinhas/about/editorialPolicies#openAccessPolicy$$yAPC information
000249293 8564_ $$d0$$uhttp://revistas.unisinos.br/index.php/entrelinhas/about/editorialPolicies#peerReviewProcess$$yReview process
000249293 8564_ $$d0$$uhttp://revistas.unisinos.br/index.php/entrelinhas/about/editorialTeam$$yEditorial board
000249293 8564_ $$d0$$uhttp://revistas.unisinos.br/index.php/entrelinhas/about/submissions#authorGuidelines$$yInstructions for Authors
000249293 8564_ $$d0$$uhttps://ezb.ur.de/?3068568-0$$yEZB
000249293 8801_ $$2DE-600$$aEntrelinhas$$cUniversidade do Vale do Rio dos Sinos
000249293 909CO $$ooai:juser.fz-juelich.de:914645$$pauthority$$pauthority:PERI
000249293 909CO $$ooai:juser.fz-juelich.de:914645
000249293 915__ $$0StatID:(DE-HGF)0501$$2StatID$$aDBCoverage$$bDOAJ Seal$$d2017-11-08T13:48:55Z
000249293 915__ $$0StatID:(DE-HGF)0500$$2StatID$$aDBCoverage$$bDOAJ$$d2017-11-08T13:48:55Z
000249293 915__ $$0StatID:(DE-HGF)0030$$2StatID$$aPeer Review$$bDOAJ : Peer review$$d2017-11-08T13:48:55Z
000249293 915__ $$0LIC:(DE-HGF)CCBYNV$$2V:(DE-HGF)$$aCreative Commons Attribution CC BY (No Version)$$bDOAJ$$d2017-11-08T13:48:55Z
000249293 980__ $$aPERI
000249293 980__ $$aAUTHORITY